UM Logo

Basic statistics/ (Record no. 1331)

MARC details
000 -LEADER
fixed length control field 00693nam a22001937a 4500
008 - FIXED-LENGTH DATA ELEMENTS--GENERAL INFORMATION
fixed length control field 160318b xxu||||| |||| 00| 0 eng d
020 ## - INTERNATIONAL STANDARD BOOK NUMBER
International Standard Book Number 978-9-71725168-4 (pbk.)
082 ## - DEWEY DECIMAL CLASSIFICATION NUMBER
Edition number 2014
Classification number DFil 519.5
Item number B19b
100 ## - MAIN ENTRY--PERSONAL NAME
9 (RLIN) 3935
Personal name Balino, Jovencio T.
245 ## - TITLE STATEMENT
Title Basic statistics/
Statement of responsibility, etc. Jovencio T. Balino, Estrelita P. Reyes, Michael T. Villanueva; Alex V. Abelos, editor/coordinator.
260 ## - PUBLICATION, DISTRIBUTION, ETC. (IMPRINT)
Place of publication, distribution, etc. Manila :
Name of publisher, distributor, etc. Grandbooks Publishing, Inc.,
Date of publication, distribution, etc. c2014.
300 ## - PHYSICAL DESCRIPTION
Extent ix, 120 pages:
Other physical details illustrations;
Dimensions 25 cm.
500 ## - GENERAL NOTE
General note Includes references.
650 #0 - SUBJECT ADDED ENTRY--TOPICAL TERM
9 (RLIN) 3936
Topical term or geographic name as entry element Statistics
700 ## - ADDED ENTRY--PERSONAL NAME
9 (RLIN) 3937
Personal name Reyes, Estrelita P.
700 ## - ADDED ENTRY--PERSONAL NAME
9 (RLIN) 3938
Personal name Villanueva, Michael T.
365 ## - TRADE PRICE
Price amount 395.00
Currency code Php
942 ## - ADDED ENTRY ELEMENTS (KOHA)
Source of classification or shelving scheme Dewey Decimal Classification
Koha item type Filipiniana
Holdings
Withdrawn status Lost status Source of classification or shelving scheme Damaged status Not for loan Collection code Home library Current library Date acquired Source of acquisition Total Checkouts Full call number Barcode Date last seen Date last checked out Copy number Cost, replacement price Price effective from Koha item type Shelving location
    Dewey Decimal Classification     Filipiniana UM Digos College - LIC UM Digos College - LIC 09/25/2014 Purchased 7 DFil 519.5 B19b 2014 22680 05/15/2025 07/04/2018 2 395.00 03/18/2016 Filipiniana  
    Dewey Decimal Classification     Filipiniana UM Digos College - LIC UM Digos College - LIC 09/25/2014 Purchased 25 DFil 519.5 B19b 2014 22681 05/15/2025 11/22/2019 3 395.00 03/18/2016 Filipiniana Book Cart
    Dewey Decimal Classification     Filipiniana UM Digos College - LIC UM Digos College - LIC 09/25/2014 Purchased 4 DFil 519.5 B19b 2014 22679 05/15/2025 09/05/2024 1 395.00 03/18/2016 Filipiniana Book Cart
    Dewey Decimal Classification     Filipiniana UM Digos College - LIC UM Digos College - LIC 09/25/2014 Purchased 7 DFil 519.5 B19b 2014 22682 05/15/2025 07/10/2023 4   05/05/2016 Filipiniana Book Cart
    Dewey Decimal Classification     Filipiniana UM Digos College - LIC UM Digos College - LIC 09/25/2014 Purchased 21 DFil 519.5 B19b 2014 22683 05/15/2025 01/13/2020 5   05/05/2016 Filipiniana Book Cart